UBT Library

McGraw-Hill dictionary of scientific and technical terms / (Record no. 42407)

000 -LEADER
fixed length control field 00761cam a2200229 a 4500
001 - CONTROL NUMBER
control field 4889287
005 - DATE AND TIME OF LATEST TRANSACTION
control field 20180213081920.0
008 - FIXED-LENGTH DATA ELEMENTS--GENERAL INFORMATION
fixed length control field 930910s1994 nyua d 000 0 eng
010 ## - LIBRARY OF CONGRESS CONTROL NUMBER
LC control number 93034772
020 ## - INTERNATIONAL STANDARD BOOK NUMBER
International Standard Book Number 0070423334 :
Terms of availability $110.50
040 ## - CATALOGING SOURCE
Original cataloging agency DLC
Transcribing agency DLC
Modifying agency DLC
041 ## - LANGUAGE CODE
Language code of text/sound track or separate title eng
080 ## - UNIVERSAL DECIMAL CLASSIFICATION NUMBER
Universal Decimal Classification number 503 SYB
082 00 - DEWEY DECIMAL CLASSIFICATION NUMBER
Classification number 503 SYB
Edition number 20
100 ## - Rafti
Rafti 24
101 ## - Shkurtesa
Shkurtesa GHU
245 00 - TITLE STATEMENT
Title McGraw-Hill dictionary of scientific and technical terms /
Statement of responsibility, etc Sybil P. Parker, editor in chief..
504 ## - BIBLIOGRAPHY, ETC. NOTE
Bibliography, etc Includes bibliographical references (p. 29-48 (second group)).
906 ## - LOCAL DATA ELEMENT F, LDF (RLIN)
a 7
b cbc
c orignew
d 1
e ocip
f 19
g y-gencatlg
942 ## - ADDED ENTRY ELEMENTS (KOHA)
Source of classification or shelving scheme
Item type Books
Holdings
Withdrawn status Lost status Source of classification or shelving scheme Damaged status Not for loan Collection code Permanent location Current location Shelving location Date acquired Total Checkouts Full call number Barcode Date last seen Price effective from Koha item type
          Koleksioni i përgjithshem UBT - Lipjan UBT - Lipjan Koleksioni i përgjithshem 02/13/2018   503 SYB 002-2997432 02/13/2018 02/13/2018 Books
UBT Library © 2015-2024. All rights reserved University Education for Business and Technology